| 000 | 00949cam a2200205 4500 | ||
|---|---|---|---|
| 001 | ##L134738 | ||
| 008 | 060830n2006 000 0 eng u | ||
| 035 | _a(Sirsi) u134738 | ||
| 041 | 0 | _aeng | |
| 050 | 0 | 4 | _a692.3 $2 18 |
| 110 | 2 |
_aRoyal Institution of Chartered Surveyors _94900 |
|
| 245 | 0 | 0 |
_aConsultation exercise _bCode of measuring practice 6th edition |
| 260 |
_aLondon _bRICS _c2006 |
||
| 520 | _aSets out the background to proposed revisions to the "Code of measuring practice" (ISBN 1842190601) which are incorporated in a consultation draft. Proposed changes include amendments to the introduction, as well as to definitions and diagrams. Comments are required by 6 October 2006. | ||
| 590 | _aIKA050906 | ||
| 650 | 2 | 4 | _aRICS CODE OF MEASURING PRACTICE |
| 690 | _aPROPERTY-PROPERTY VALUATION AND APPRAISAL | ||
| 856 | 4 | 0 |
_uhttps://www.rics.org/RICSWEB/getpage.aspx?p=mbtYSJxw40eSjS_sT7kGyQ _zNo longer available |
| 942 |
_n0 _2ddc |
||
| 999 |
_c105794 _d105794 |
||